Vplyv sekundárneho vírivého prúdenia na charakteristiku čerpadla : Kandidátska dizertačná práca : V.odb. 23-04-9/b : Obh. 10.11.1993 /

Gespeichert in:
Bibliographische Detailangaben
1. Verfasser: Strýček, Oliver (Verfasst von)
Format: Manuskript Buch
Sprache:Slowakisch
Veröffentlicht: Bratislava : STU v Bratislave SjF, 1993
Tags: Tag hinzufügen
Keine Tags, Fügen Sie das erste Tag hinzu!

MARC

LEADER 00000ntm a22000003a 4500
001 stu31522
005 20150617225735.1
008 931223s1993----xo------------------slo-d
040 |a STU  |b slo 
041 0 |a slo 
044 |a xo 
080 |a 532.5  |7 stu_us_auth*stu7227 
080 |a 621.66 
100 1 |a Strýček, Oliver  |4 aut 
245 1 |a Vplyv sekundárneho vírivého prúdenia na charakteristiku čerpadla :  |b Kandidátska dizertačná práca : V.odb. 23-04-9/b : Obh. 10.11.1993 /  |c [aut.] Strýček,Oliver 
260 |a Bratislava :  |b STU v Bratislave SjF,  |c 1993 
300 |a 139 s 
996 |b 284J002634  |c J*90094  |l JJSK  |s A  |a 24  |w stu31522_0001